00590 2200193 4500001002100000005001700021008004100038020002200079035002400101082001000125090002000135100002600155245009700181250001100278260003000289300003400319650002200353990002100375YOGYA-0213000000061520130215101624.0 ind  a978-979-29-2918-8 0010-021300000000615 a248.4 aDEP 248.4 Jar B aJAROT WIJANARKO, 1963 aBerani Menembus Batas : Meninggalkan Zona Kenyamanan Menuju Kemaksimalan /cJarot Wijanarko. aCet.1. aYogyakarta :bAndi,c2012 avi, 165 hlm.;bilus.;c21 cm. aHidup Kekristenan aCB-D.112012-1226